Administration skills : a practical handbook
| Other Authors: | |
|---|---|
| Format: | Book |
| Language: | English |
| Published: |
Kuala Lumpur :
Synergy Books International ,
1995
|
| Subjects: |
MARC
| LEADER | 00000cam a2200000 7i4500 | ||
|---|---|---|---|
| 001 | 0000025543 | ||
| 005 | 20140903.0 | ||
| 008 | 190814 my a eng | ||
| 020 | |a 9831363817 | ||
| 040 | |a INS | ||
| 090 | 0 | 0 | |a HD31 |b A36 1995 |
| 245 | 1 | 0 | |a Administration skills : |b a practical handbook |f edited by Debra Allcock |
| 260 | |a Kuala Lumpur : |b Synergy Books International , |c 1995 | ||
| 300 | |a viii, 257p. : |b ill. ; |c 25cm. | ||
| 650 | 0 | |a Personel management |v Handbooks, manual, etc | |
| 700 | 1 | |a Allcock, Debra | |
| 999 | |a 1000001866 |b BOOK |c Open Shelf |e Default branch | ||